| 000 | 00699 a2200181 4500 | ||
|---|---|---|---|
| 003 | Nust | ||
| 005 | 20170207171533.0 | ||
| 040 | _cNust | ||
| 082 | _a621.382 | ||
| 100 | _aBakshi, Uday A. | ||
| 245 |
_aFundamentals of instrumentation (EBOOK) _cUday A. Bakshi, Ajay V. Bakshi and Kshitteja A. Bakshi. |
||
| 260 |
_aPune _bTechnical Publishcation _c2008 |
||
| 300 | _a411 p. | ||
| 505 | _aIntroduction (page-1), Analog indicating instruments (page-40), Bridge circuits (page-184). Digital instruments (page-300), Ossciloscops (page-425), Recording instruments and Waveform generation (525). | ||
| 600 | _aAjay V. Bakshi | ||
| 650 | _aInstrumentation | ||
| 700 | _aAjay V. Bakshi and Kshitteja A. Bakshi. | ||
| 942 |
_2ddc _cBK |
||
| 999 |
_c217101 _d217101 |
||